| 000 | 01008nam a22002537a 4500 | ||
|---|---|---|---|
| 999 |
_c4511 _d4511 |
||
| 003 | AR-CdUCM | ||
| 008 | 190308b ||||| |||| 00| 0 spa d | ||
| 040 |
_aMUNICIPALIDAD PROVINCIAL DEL CUSCO _cBIBLIOTECA MUNICIPAL DEL CUSCO |
||
| 082 |
_a804 / _bL97 |
||
| 100 |
_aLukacs, Gyorgy _914147 |
||
| 245 | _aSociología de la Literatura / | ||
| 260 |
_aMadrid : _bEdiciones Península ; _c1966. |
||
| 300 |
_a505 páginas ; _c20cm |
||
| 440 |
_aColección Historia, Ciencia, Sociedad _n2 _914148 |
||
| 505 | _aContenido: Marxismo y literatura -- Reflexiones sobre una estética de cine -- Civilizaciones cerradas -- El problema de la Filosofía de la Historia de las formas -- Relatividad y significado filosófico-histórico de la Novela... | ||
| 650 |
_aSociología _9276 |
||
| 650 |
_aHistoria _9246 |
||
| 650 |
_aCine _914149 |
||
| 650 |
_aLiteratura moderna _99575 |
||
| 650 |
_aDrama histórico _914150 |
||
| 700 |
_aLudz, Peter (edición original) _914151 |
||
| 942 |
_2ddc _cLIBROS |
||
| 945 | _anom | ||